Statistics for Beyonce Songs

Click here to take the quiz!

General Stats

  • This quiz has been taken 836 times
  • The average score is 8 of 14

Answer Stats

Hint Answer % Correct
Remember those walls I built? Well, baby they're tumbling down And they didn't even put up a fight They didn't even make a sound I found a way to let you inHalo
93%
And keep talking that mess, thats fine Could you walk and talk, at the same time? And it's my name thats on that jag So go move your bags, let me call you a cab Standing in the front yard, telling me How I'm such a fool, talking 'bout How I'll never ever find a man like you You got me twistedIrreplaceable
74%
I look and stare so deep in your eyes touch on you more and more every time When you leave i'm beggin you not to go Call your name two, three times in a row Such a funny thing for me to try to explain How i'm feeling and my pride is the one to blameCrazy In Love
72%
Stop the track, lemme state facts: I told you, gimme a minute and I'll be right back Fifty million round the world and they say that I couldn't get it; I done got so sick and filthy with Benjis, I can't spend it How you gon' be talkin shit? You act like I just got up in it; Been the number one diva in this game for a minute! I know you read the paper - the one that they call a queen, Every radio round the world know me cause that's where I be (first!)Diva
70%
If I ain't got nothing I got you If I ain't got something (I don't give a damn) 'Cause I got it with you1+1
69%
Let's go, let's go Little Kitty Kat I think it's time to go let's go Little Kitty Kat He don't want no mo' Let's go Little Kitty Kat Quite frankly No mo' getting it I'm not feeling itKitty Kat
60%
I just wanna show you how much I appreciate you, yes Wanna show you how much I'm dedicated to you, yes Wanna show you how much I will forever be true, yes Wanna show you how much you got your girl feeling good, oh, yes Wanna show you how much, how much you understood, oh, yesDance For You
57%
I told you how you hurt me, baby But you don't care Now I'm crying and deserted baby ,But you don't careI Care
56%
If you got it, flaunt it, boy I know you want it While I turn around you watch me check up on itOohhh you watchin me shake it, I see it in ya face Ya can't take it, it's blazin, you watch me in amazement You can look at it, as long as you don't grab it If you don't go braggin, I'ma let you have itCheck On It
54%
It's on, baby let's get lost You don't need to call in to work 'cause you're the boss For real, want you to show me how you feel I consider myself lucky, that's a big deal Why?Ego
51%
Mission five Skip to the front of the line Let me fix my hair up 'fore I go inside Mission six Gotta check these chicks 'Cause you know they gone block when I take these flicks Mission seven Gotta make my rounds Given eyes to the guys now I think I found himGet Me Bodied
49%
I hear you be the block But I'm the lights that keep the streets on Notice you the type that like to keep them on a Leash though I'm known to walk alone But I'm alone for a reason Sending me a drink ain't appeasingBelieve meUpgrade U
47%
Tell me how should I feel When I know what I know, And my female intuition Telling me you a dog? People told me 'bout the flames I couldn't see through the smoke When I need answers, accusations What you mean you gone choke?Ring The Alarm
43%
I've never been in love quite before until I saw your face and watching stars without you my soul cries my hething heart is full of pain when we're apart the aching the aching I'm kissing youStill In Love
11%

Score Distribution

Percentile by Number Answered

Percent of People with Each Score

Your Score History

You have not taken this quiz